• 首页
  • 本馆介绍
  • 公告通知
  • 最新文献
  • 馆藏检索
  • 电子资源
  • 读者导购
  • 参考咨询
  • 我的图书馆
  • 登录
  • 详细信息显示
  • 放入我的书架
  • 预约/预借图书
  • 作者相关作品
  • 分类相关作品
  • 丛书相关作品
  • 出版社相关作品

书目信息

  • 表格格式
  • 工作单格式
  • 卡片格式
题名:
小学生写作手册
    
 
作者: 罗楠 编
分册:  
出版信息: 北京   中国计量出版社  1991
页数: 300页
开本: 19cm
丛书名:
单 册:
中图分类: G624.24
科图分类:
主题词: 作文--小学--手册
电子资源:
ISBN: 978-7-5026-0435-6
000 00600cam0 2200217 450
001 0100376954
005 20100909131502.0
010    @a978-7-5026-0435-6@dCNY4.30
100    @a20021005d1991 cemy0chiy0110 ea
101 0  @achi
102    @aCN@b110000
105    @af z 000yy
106    @ar
200 1  @a小学生写作手册@9Xiao Xue Sheng Xie Zuo Shou Ce @f罗楠等编@b专著
210    @a北京@c中国计量出版社@d1991
215    @a300页@d19cm
606 0  @a作文@x小学@x手册
690    @aG624.24@v4
701  0 @a罗楠@9luo nan@4编
801  0 @aCN@bAiZhiMarc@c19921210
905    @aBZT@dG624.24@e5@f3@sG624.24/5
    
    小学生写作手册/罗楠等编.-北京:中国计量出版社,1991
    300页;19cm
    
    
    ISBN 978-7-5026-0435-6:CNY4.30
    
●
相关链接 在五车中查询图书 在当当中查询图书 在豆瓣中查询图书


正题名:小学生写作手册     索取号:G624.24/5         预约/预借

序号 登录号 条形码 馆藏地/架位号 状态 备注
1 2000040230   2000040230   旧书回溯/ [索取号:G624.24/5] 在馆    
2 2000040231   2000040231   旧书回溯/ [索取号:G624.24/5] 在馆    
3 2000116503   2000116503   旧书回溯/ [索取号:G624.24/5] 在馆    
山东省滨州职业学院图书馆 欢迎您!
大连网信软件有限公司© 版权所有